Education, state and crisis : a Marxist perspective
Αποθηκεύτηκε σε:
| Κύριος συγγραφέας: | |
|---|---|
| Μορφή: | Βιβλίο |
| Γλώσσα: | English |
| Δημοσίευση: |
London : Boston :
Routledge & Kegan Paul,
1982
|
| Σειρά: | Routledge education books
|
| Θέματα: | |
| Ετικέτες: |
Προσθήκη ετικέτας
Δεν υπάρχουν, Καταχωρήστε ετικέτα πρώτοι!
|
MARC
| LEADER | 00000cam a2200000 i 4500 | ||
|---|---|---|---|
| 001 | 1/28545 | ||
| 008 | 950812s1982 eng d | ||
| 020 | |a 0710009569 ((pbk.)) |c $18.00 | ||
| 020 | |a 0710009593 |c $8.00 | ||
| 035 | |l 10023057 | ||
| 040 | |a GR-MY-UA |b gre |e aacr | ||
| 041 | 0 | |a eng | |
| 082 | 0 | |a 370.19 |2 (19) | |
| 100 | 1 | |a Sarup, Madan. | |
| 245 | 1 | 0 | |a Education, state and crisis : |b a Marxist perspective / |c Madan Sarup |
| 260 | |a London : |a Boston : |b Routledge & Kegan Paul, |c 1982 | ||
| 300 | |a xiii, 137 p.; |c 23 cm | ||
| 490 | 1 | |a Routledge education books | |
| 504 | |a Includes bibliographical references and index | ||
| 650 | 0 | 0 | |a Education and state. |
| 650 | 0 | 0 | |a Educational sociology. |
| 650 | 0 | 0 | |a Progressive education. |
| 650 | 0 | 0 | |a Marxian economics. |
| 830 | 0 | |a Routledge education books | |
| 852 | |a INST |b CHIOS |e 19950812 |h 379.19 SAR |p 005200001161 |q 005200001161 |t BK |y 0 | ||
| 909 | |a Χ |b 01501 | ||